000 00610nam a22001817a 4500
005 20251108172318.0
008 250721s1994 xx 000 0 ara d
082 1 4 _a338.91/تقر
245 1 0 _aتقرير عن التنمية في العالم 1994 :
_bالبنية الأساسية من اجل التنمية /
264 1 _aواشنطن :
_bالبنك الدولي للإنشاء والتعمير،
_c1994.
300 _a288ص
650 1 7 _aالإقتصاد
650 1 7 _aالتخطيط
650 1 7 _aتقرير
650 1 7 _aالتنمية الإقتصادية
942 _2ddc
_cBK
999 _c75879
_d75879